Statistics for Biggest cities next to the Baltic Sea

Click here to take the quiz!

General Stats

  • This quiz has been taken 143 times
    (112 since last reset)
  • The average score is 13 of 20

Answer Stats

CountryPopulationAnswer% Correct
Denmark1,320,629Copenhagen
100%
Finland1,268,296Helsinki
100%
Latvia637,971Riga
100%
Sweden1,728,200Stockholm
100%
Estonia434,562Tallinn
98%
Poland464,254Gdańsk
96%
Russia5,351,935Saint Petersburg
93%
Sweden316,588Malmö
86%
Finland272,230Turku
77%
Germany247,943Kiel
75%
Germany208,409Rostock
61%
Germany216,318Lübeck
59%
Finland200,400Oulu
58%
Poland246,306Gdynia
50%
Lithuania147,898Klaipėda
47%
Sweden88,395Umeå
30%
Latvia69,180Liepāja
28%
Russia77,400Vyborg
26%
Finland76.763Pori
22%
Sweden76,761Gävle
21%

Score Distribution

Percentile by Number Answered

Percent of People with Each Score

Your Score History

You have not taken this quiz since the last reset